Statystyki dla Znane Firmy

Kliknij tutaj aby rozwiązać quiz!

Ogólne statystyki

  • Ten quiz został rozwiązany 57 razy
    (12 od ostatniego zresetowania)
  • Średni wynik to 9 z 19

Statystyki odpowiedzi

Odpowiedź% Poprawnych
Adidas
63%
Amazon
63%
Biedronka
63%
Google
63%
Lidl
63%
Microsoft
63%
Samsung
63%
Auchan
50%
Dino
50%
Puma
50%
Sony
50%
Żabka
50%
Durex
38%
Empik
38%
Facebook
38%
Kaufland
38%
LG
38%
Nokia
38%
Xiaomi
25%

Rozkład punktacji

Percentyl według liczby udzielonych odpowiedzi

Procent ludzi z każdym wynikiem

Twoja historia wyników

Nie rozwiązałeś tego quizu od ostatniego zresetowania